000 00301nam a2200121 a 4500
005 20140414131927.0
008 101027s19uu xx 00 eng d
050 _aER
_bW72 2000
100 _a
245 _aWinnie the Pooh : Pooh's first day of winter.
260 _bDisney,
_c2000.
999 _c112087
_d112087